01091cam a2200301 a 450000100090000000300040000900500170001300800410003001000170007102000150008802000220010303500220012504000180014704200100016504300120017508200150018724501330020226000890033530000230042450000290044750001080047650400410058465000320062570000230065770000210068070000220070171000660072313982730OSt20230703143400.0050125s2004 ke bw 000 0 eng  a 2005328027 a9966958738 a996695838X (v. 2) a(DLC) 2005328027 aDLCcDLCdDLC alcode af-ke---00a342.6bKIC00aConstitutional law case digest :bfundamental rights and freedoms /ceditors, Priscilla Kanyua, Philip Kichana, Bernard Sihanya. aNairobi :bKenya Section of the International Commission of Jurists,cc2004-. av. <1-2> ;c22 cm. aVol. 2: has no subtitle. aVol. 2 statement of responsibility: compiled by Anne Muthoni & Peter Wendoh ; edited by Philip Kichana. aIncludes bibliographical references. 0aCivil rightszKenyavCases.1 aKanyua, Priscilla.1 aKichana, Philip.1 aSihanya, Bernard.2 aInternational Commission of Jurists (1952- ).bKenya Section.